Departamenty Gwatemali (z mapą) - Statystyki

Ogólne statystyki
  • Ten quiz został rozwiązany 33 razy
  • Średni wynik to 5 z 22
Odpowiedzi na mapie
Odpowiedzi zakodowano w zielono-czerwonej skali na mapie do tego quizu, zgodnie z poniższymi procentami.
 
Statystyki odpowiedzi
Departamento % Poprawnych
Gwatemala
67%
Izabal
50%
Petén
50%
Alta Verapaz
33%
Baja Verapaz
33%
Chiquimula
17%
El Progreso
17%
Escuintla
17%
Huehuetenango
17%
Jalapa
17%
Jutiapa
17%
Quetzaltenango
17%
Quiche
17%
Sacatepéquez
17%
San Marcos
17%
Santa Rosa
17%
Sololá
17%
Zacapa
17%
Chimaltenango
0%
Retalhuleu
0%
Suchitepéquez
0%
Totonicapán
0%
Nie znaleziono quizów pasujących do podanych kryteriów
Rozkład punktacji
Procent ludzi z każdym wynikiem
Percentyl według liczby udzielonych odpowiedzi
Twoja historia wyników
Nie rozwiązałeś tego quizu